000 00225nam a22000857a 4500
008 160912b xxu||||| |||| 00| 0 eng d
100 _9410
_aJharna De
245 _aMath Sight-VII
260 _aNew Delhi
_bBrittanicca publication
_c2011
999 _c3068
_d3068